The Statistics of Taiwan bicycles industry.
| Corporate Author: | |
|---|---|
| Format: | Book |
| Published: |
Taipei:
Taiwan Bicycle Exporters Association.
|
| Subjects: |
| LEADER | 00468cam a2200145 7i4500 | ||
|---|---|---|---|
| 001 | 0000026571 | ||
| 005 | 20110705090000.0 | ||
| 090 | 0 | 0 | |a STAT 624.2 |b TAI (TAIW) |
| 110 | 2 | 0 | |a Taiwan Bicycle Exporters Association |
| 245 | 2 | 0 | |a The Statistics of Taiwan bicycles industry. |
| 260 | 0 | 0 | |a Taipei: |b Taiwan Bicycle Exporters Association. |
| 300 | # | # | |a 69p. |
| 650 | 0 | 0 | |a Bicycles -- |x Statistics -- |z Taiwan |
| 651 | 0 | 0 | |a Taiwan |
| 999 | |a 0000028501 |b Book |c Statistics |e Business Information Centre | ||